Statistics for All Winners of Bundesliga

Click here to take the quiz!

General Stats

  • This quiz has been taken 1,506 times
  • The average score is 8 of 12

Answer Stats

TitlesAnswer% Correct
33Bayern Munich
100%
5Borussia Dortmund
98%
3Hamburger SV
87%
21. FC Cologne
76%
4Werder Bremen
75%
3VfB Stuttgart
73%
1VfL Wolfsburg
71%
5Borussia Mönchengladbach
69%
1TSV 1860 Munich
48%
21. FC Kaiserslautern
46%
11. FC Nuremberg
43%
1Eintracht Braunschweig
14%

Score Distribution

Percentile by Number Answered

Percent of People with Each Score

Your Score History

You have not taken this quiz